000 00807cam a2200277 a 4500
008
020 _a0273031422 (hbk.)
049 _aMAIN
090 _aHF5635
_bLEW
100 1 _aLewis, Richard
245 1 0 _aAdvanced financial accounting /
_cRichard Lewis and David Pendrill.
250 _a3rd ed.
260 _aLondon:
_bPitman,
_c2000.
300 _ax, 612 p. ;
_c25 cm.
500 _aPrevious ed.: London: Pitman, 1985.
504 _aIncludes bibliographical references.
500 _aIncludes index.
650 0 _aAccounting.
650 0 _aAccounting
_vProblems, exercises, etc.
700 1 _aPendrill, David.
907 _a.b10208604
_b14-04-15
_c01-08-06
003
005 20230123134245.0
040 _cNUST
942 _cBOOKS
_kHF5635
_mLEW
999 _c162757
_d162757